| 000 | 00805aam a2200289 4500 | ||
|---|---|---|---|
| 005 | 20161025132352.0 | ||
| 008 | 150226b xxu||||| |||| 00| 0 eng d | ||
| 041 | _aSPA | ||
| 082 | _a972.862 C352t | ||
| 100 |
_aCastillo Hernández, Elena _912882 |
||
| 245 | _aTransformaciones socioeconómicas y ambientales de Orosi | ||
| 260 |
_aCosta Rica _bAlma Mater _c2007 |
||
| 300 | _a90 páginas | ||
| 650 |
_aCOSTA RICA _929016 |
||
| 650 |
_aHISTORIA _943 |
||
| 650 |
_aOROSI _92378 |
||
| 650 |
_aCARTAGO _91052 |
||
| 650 |
_aPARAÍSO _912884 |
||
| 650 |
_aSOCIOECONOMÍA _912885 |
||
| 650 |
_aAMBIENTE _96881 |
||
| 650 |
_aDEMOGRAFÍA _912886 |
||
| 650 |
_aBIENES Y SERVICIOS _912887 |
||
| 650 |
_aEDUCACIÓN _9286 |
||
| 650 |
_aFAMILIA _929017 |
||
| 650 |
_aTURISMO COMUNITARIO _92853 |
||
| 942 | _cBK | ||
| 999 |
_c3402 _d3402 |
||